| 000 | 01122nam a2200349 i 4500 | ||
|---|---|---|---|
| 999 |
_c65521 _d65521 |
||
| 001 | 768714001 | ||
| 003 | CO-MdFUSB | ||
| 005 | 20200526114013.0 | ||
| 007 | ta | ||
| 008 | 200325t2007 -us |||| |||| 00| 0 eng d | ||
| 020 | _a9780801020865 | ||
| 040 |
_aCO-MdFUSB _bspa _cCO-MdFUSB _dCO-MdFUSBC _erda |
||
| 041 | _aeng | ||
| 082 |
_223 _a220.6 _bC321 |
||
| 100 | 1 |
_aCarson, D. A. _d1946 _eautor |
|
| 242 | _aFalacias exegéticas. | ||
| 245 |
_aExegetical fallacies _c/ D. A. Carson |
||
| 264 | 1 |
_aEstados Unidos : _bBaker Books, _c[2007] |
|
| 264 | 4 | _c© 2007 | |
| 300 |
_a148 páginas _c; 22 cm |
||
| 336 |
_2rdacontent _atexto _btxt |
||
| 337 |
_2rdamedia _asin mediación _bn |
||
| 338 |
_2rdacarrier _avolumen _bnc |
||
| 500 | _aColección Dawn Christina Harrell | ||
| 505 | _aFalacias y estudio de palabras. -- Falacias gramaticales - Falacias lógicas - Falacias y presuposiciones históricas. -- Reflexiones finales. | ||
| 563 | _aRústico | ||
| 630 | 0 | 7 |
_aBiblia _xCrítica, interpretación, etc. |
| 653 | _aFalacias -- Biblia | ||
| 942 | _cBK | ||
| 945 |
_aJTF-925 _bAEM-53 |
||